Estatísticas para Países com Megacidades

Clique aqui para jogar o quiz

Estatísticas Gerais

  • Esse quiz foi jogado 27 462 vezes
    (13 275 desde o último reset)
  • A pontuação média é 16 de 25

Estatísticas das Respostas

#País% Correto
2Brasil
99%
2Estados Unidos
99%
10China
98%
6Índia
92%
3Japão
92%
1Rússia
92%
1França
87%
1México
85%
1Argentina
81%
1Reino Unido
76%
1África do Sul
69%
1Coreia do Sul
66%
1Egito
64%
1Indonésia
61%
1Nigéria
52%
2Paquistão
48%
1Colômbia
46%
1Turquia
46%
1Tailândia
45%
1Irã
41%
1Bangladesh
40%
1Peru
36%
1Filipinas
33%
1Vietnã
30%
1República Democrática do Congo
29%

Distribuição das Pontuações

Percentil de Números Respondidos

Porcentagem de Pessoas com Cada Pontuação

Sua Pontuação Histórica

Você não jogou esse quiz desde o último reset